000 00337 a2200121 4500
999 _c10720
_d10720
008 220609b ||||| |||| 00| 0 eng d
020 _a9789351376187
082 _a721.0448
_bSHA
100 _aMridula Sharma
245 _aAmazing timber resorts by architect N Mahesh
260 _bCollege of Architecture Trivandrum
_c2013
942 _2ddc